A text-book of organic chemistry / (Record no. 70125)
[ view plain ]
| 000 -LEADER | |
|---|---|
| fixed length control field | 00838nam a2200241 a 4500 |
| 001 - CONTROL NUMBER | |
| control field | 70125 |
| 003 - CONTROL NUMBER IDENTIFIER | |
| rucl marc code | BD-RjUL |
| 005 - DATE AND TIME OF LATEST TRANSACTION | |
| control field | 20211209081951.0 |
| 008 - FIXED-LENGTH DATA ELEMENTS--GENERAL INFORMATION | |
| fixed length control field | 170416s1910 nyua 000 0 eng d |
| 035 ## - SYSTEM CONTROL NUMBER | |
| System control number | (BD-RjUL)70337 |
| 040 ## - CATALOGING SOURCE | |
| Original cataloging agency | DLC |
| Transcribing agency | OCl |
| Modifying agency | BD-RjUL |
| Language of cataloging | eng |
| 041 ## - LANGUAGE CODE | |
| Language code of text/sound track or separate title | eng |
| 082 ## - DEWEY DECIMAL CLASSIFICATION NUMBER | |
| Edition number | 23 |
| Classification number | 547 |
| Author mark and year | HOT 1910 |
| 100 1# - MAIN ENTRY--PERSONAL NAME | |
| Personal name | Holleman, Arnold Frederik, |
| Dates associated with a name | 1859- |
| 9 (RLIN) | 207681 |
| 245 02 - TITLE STATEMENT | |
| Title | A text-book of organic chemistry / |
| Statement of responsibility, etc. | By A. F. Holleman, ed. by A. Jamieson Walker, assisted by Owen E. Mott, with the co-operation of the author. |
| 250 ## - EDITION STATEMENT | |
| Edition statement | 3d English ed., partly rewritten. |
| 260 ## - PUBLICATION, DISTRIBUTION, ETC. (IMPRINT) | |
| Place of publication, distribution, etc. | New York : |
| Name of publisher, distributor, etc. | J. Wiley & sons , |
| Date of publication, distribution, etc. | 1910. |
| 300 ## - PHYSICAL DESCRIPTION | |
| Pagination | xx, 599 p. : |
| Illustrations | ill. ; |
| Size | 24 cm. |
| 650 #0 - SUBJECT ADDED ENTRY--TOPICAL TERM | |
| Topical term or geographic name as entry element | Chemistry, Organic. |
| 9 (RLIN) | 207682 |
| 700 1# - ADDED ENTRY--PERSONAL NAME | |
| Personal name | Walker, Andrew Jamieson, |
| Relator term | ed. |
| Personal name | Mott, Owen E., |
| Relator term | joint ed. |
| 942 ## - ADDED ENTRY ELEMENTS (KOHA) | |
| Source of classification or shelving scheme | Dewey Decimal Classification |
| Koha item type | Books |
| Lost status | Source of classification or shelving scheme | Damaged status | Not for loan | Collection code | Permanent Location | Current Location | Shelving location | Date acquired | Source of acquisition | Total Checkouts | Full call number | Date last seen | Copy number | Koha item type |
|---|---|---|---|---|---|---|---|---|---|---|---|---|---|---|
| Dewey Decimal Classification | Not For Loan | Non-fiction | Central Library, University of Rajshahi | Central Library, University of Rajshahi | Reading Room | 21/09/1964 | Australia | 547 HOT 1910 | 16/04/2017 | C-1 | Books |